Logo

Description automatically generated
विद्यार्जन
 संसाधन केंद्र, भारतीय प्रौद्योगिकी संस्थान इन्दौर
Learning Resource Center, Indian Institute of Technology Indore

ऑनलाइन सार्वजनिक अभिगम प्रसूची
Online Public Access Catalogue (OPAC)

The art of thinking clearly (Record no. 57319)

MARC details
000 -LEADER
fixed length control field 00565nam a2200217Ia 4500
005 - DATE AND TIME OF LATEST TRANSACTION
control field 20260629163254.0
008 - FIXED-LENGTH DATA ELEMENTS--GENERAL INFORMATION
fixed length control field 260629s9999||||xx |||||||||||||| ||und||
020 ## - INTERNATIONAL STANDARD BOOK NUMBER
International Standard Book Number 9781444759549
Qualifying information hb
082 ## - DEWEY DECIMAL CLASSIFICATION NUMBER
Classification number 153.42
Item number DOB
100 ## - MAIN ENTRY--PERSONAL NAME
Personal name Dobelli, Rolf
245 #4 - TITLE STATEMENT
Title The art of thinking clearly
260 ## - PUBLICATION, DISTRIBUTION, ETC.
Place of publication, distribution, etc. London
Name of publisher, distributor, etc. Sceptre
Date of publication, distribution, etc. 2013
300 ## - PHYSICAL DESCRIPTION
Extent x, 326p. ; 18cm.
653 ## - INDEX TERM--UNCONTROLLED
Uncontrolled term Cognitive biases
653 ## - INDEX TERM--UNCONTROLLED
Uncontrolled term Critical thinking
653 ## - INDEX TERM--UNCONTROLLED
Uncontrolled term Decision making
653 ## - INDEX TERM--UNCONTROLLED
Uncontrolled term Reasoning
653 ## - INDEX TERM--UNCONTROLLED
Uncontrolled term Thought and thinking
700 ## - ADDED ENTRY--PERSONAL NAME
Personal name Griffin, Nicky [tr.]
942 ## - ADDED ENTRY ELEMENTS (KOHA)
Koha item type Book
Holdings
Withdrawn status Lost status Damaged status Not for loan Home library Current library Shelving location Date acquired Source of acquisition Total Checkouts Full call number Barcode Date last seen Price effective from Koha item type
        LRC, IIT Indore LRC, IIT Indore 3rd Floor - General Stack 29/06/2026 Gratis Book Price: INR 350.00   153.42 DOB G2544 29/06/2026 29/06/2026 Book
Copyright © 2017-2026 Indian Institute of Technology Indore. All Rights Reserved.
Managed & maintained by Learning Resource Center, IIT Indore